000 00208 a2200097 4500
001 11987
100 _aGrigy, P.J.
245 _aPrejudice and judgement
260 _a
_bJonathan cape
_c
090 _c9239
_d9239
942 _aNUST-CAE
_cM
_c36088
999 _c247060
_d247060